000 00444nam a2200169Ia 4500
003 GCL
008 140319s9999 xx 000 0 eng d
040 _aGCL /
_cGCL
082 0 4 _a843
_bM S
100 1 _aMONNIER, HENRY
245 1 0 _aSCENES POPULAIRES LES BAS - FONDS DE LA SOCIETE /
_cMONNIER, HENRY
260 _a[S.N] :
_bGALLIMARD ،
_c1984
300 _a312 P
650 0 4 _aLITERATURE
650 0 4 _aFRENCH LITERATURE
942 _2ddc
_cBK
999 _c10560
_d10560